| 000 | 00670nam a2200217Ii 4500 | ||
|---|---|---|---|
| 001 | 1063 | ||
| 003 | CO-ViMGA | ||
| 008 | 241108s9999||||xx |||||||||||||| ||und|| | ||
| 020 | _a9582004835 | ||
| 040 |
_aCO-ViMGA _bspa _erda _cCO-ViMGA |
||
| 041 | 0 | _aspa | |
| 082 | 0 | 4 | _a372.868 E71a |
| 100 | 1 |
_aCielo Patricia Escobar Zamora _945747 |
|
| 245 | 1 | 2 |
_aA bailar Colombia! : _bdanzas para la educación básica |
| 264 | 1 | _a[Lugar de publicación no identificado] : Magisterio, 1998 | |
| 300 | _avolumen | ||
| 336 |
_atext _btxt _2rdacontent |
||
| 337 |
_aunmediated _bn _2rdamedia |
||
| 338 |
_avolume _bnc _2rdacarrier |
||
| 940 | _aidficha_siabuc: 1042. -- ficha_no_siabuc:1063 | ||
| 999 |
_c40274 _d40274 |
||